Europäische Länder mit der ältesten Bevölkerung - Statistiken

Allgemein
  • Dieses Quiz wurde 244 mal gespielt
  • Das Durchschnittsergebnis liegt bei 5 aus 10
Antwortstatistiken
Durchschnittsalter Land % Korrekt
47.1 Deutschland
98%
45.5 Italien
84%
44 Österreich
77%
44.5 Griechenland
60%
53.1 Monaco
48%
44.4 San Marino
43%
44.3 Andorra
40%
44.5 Slowenien
37%
43.7 Litauen
31%
43.6 Lettland
30%
Keine übereinstimmenden Quizze gefunden
Verteilung der Resultate
Anzahl Personen mit jedem Resultat
Perzentil nach korrekt beantworteten Fragen
Ihre Resultats-Entwicklung
Sie haben dieses Quiz noch nicht gespielt